[Event "Noruega ch 2005"]
[Site "Sandnes"]
[Date "2005.07.07"]
[Round "7.10"]
[White "Bjerke, Silje"]
[Black "Hammer, Jon Ludvig"]
[Result "0-1"]
[WhiteElo "2137"]
[BlackElo "2318"]
[PlyCount "98"]
[EventDate "2005.07.02"]
[EventType "swiss"]
[EventRounds "9"]
[EventCountry "NOR"]
[Source "lmi"]
[SourceDate "2005.07.09"]

1. d4 d5 2. c4 c6 3. Nc3 Nf6 4. e3 a6 5. Nf3 b5 6. b3 Bg4 7. Be2 e6 8. O-O Nbd7
9. h3 Bh5 10. Bb2 Bd6 11. Ne5 Bxe2 12. Nxe2 Qc7 13. cxd5 cxd5 14. Rc1 Qb8 15.
Nxd7 Kxd7 16. f3 Qb7 17. Qd3 Ke7 18. Bc3 h6 19. Be1 Rhc8 20. Bh4 g5 21. Bg3
Bxg3 22. Nxg3 Rxc1 23. Rxc1 Rc8 24. Qd2 Rxc1+ 25. Qxc1 Qb6 26. Qc8 Ne8 27. Ne2
Nd6 28. Qh8 Qa5 29. Kf2 Qxa2 30. Qxh6 Qxb3 31. Qxg5+ Kd7 32. h4 b4 33. h5 Qc2
34. h6 b3 35. e4 dxe4 36. h7 exf3 37. gxf3 Qxh7 38. Qa5 Qc2 39. Qa4+ Ke7 40. d5
Qc5+ 41. Kg2 Qc4 42. Qxc4 Nxc4 43. dxe6 fxe6 44. Nc3 Nd2 45. Na4 Nc4 46. Nc3 b2
47. Nb1 a5 48. Kf2 a4 49. Ke2 a3 0-1

[Event "Noruega ch 2005"]
[Site "Sandnes"]
[Date "2005.07.07"]
[Round "7.11"]
[White "Jansson, Joran"]
[Black "Borchgrevink, Harald"]
[Result "1/2-1/2"]
[WhiteElo "2287"]
[BlackElo "2259"]
[PlyCount "100"]
[EventDate "2005.07.02"]
[EventType "swiss"]
[EventRounds "9"]
[EventCountry "NOR"]
[Source "lmi"]
[SourceDate "2005.07.09"]

1. d4 d5 2. Nf3 c6 3. Bf4 Nf6 4. h3 Bf5 5. e3 e6 6. Bd3 Bxd3 7. Qxd3 Bd6 8.
Bxd6 Qxd6 9. O-O O-O 10. Nbd2 c5 11. Qa3 Rc8 12. c4 Qa6 13. Qxa6 Nxa6 14. b3
Rd8 15. Rfd1 Rac8 16. a3 b6 17. Kf1 Kf8 18. Ke2 Nb8 19. Rdc1 cxd4 20. exd4 Nc6
21. c5 bxc5 22. dxc5 e5 23. b4 e4 24. Ne1 a5 25. Nc2 d4 26. b5 Na7 27. a4 d3+
28. Ke1 dxc2 29. Rxc2 Nd5 30. Nb3 Nb4 31. Rc4 f5 32. Ke2 Nd3 33. c6 Nf4+ 34.
Kf1 Nd5 35. Nxa5 Nb6 36. Rb4 Rd5 37. Rc1 Ke7 38. Nb3 Nxa4 39. Rxa4 Nxb5 40. Ra6
Nc7 41. Rb6 Kd6 42. Ke2 Ne6 43. g3 Rc7 44. Ra6 Nd4+ 45. Nxd4 Rxd4 46. Ra8 Rxc6
47. Rxc6+ Kxc6 48. Rc8+ Kd7 49. Rg8 g6 50. Rg7+ Ke6 1/2-1/2

[Event "Noruega ch 2005"]
[Site "Sandnes"]
[Date "2005.07.08"]
[Round "8.2"]
[White "Groenn, Atle"]
[Black "Agdestein, Simen"]
[Result "0-1"]
[WhiteElo "2394"]
[BlackElo "2571"]
[PlyCount "132"]
[EventDate "2005.07.02"]
[EventType "swiss"]
[EventRounds "9"]
[EventCountry "NOR"]
[Source "lmi"]
[SourceDate "2005.07.09"]

1. d4 f5 2. g3 g6 3. Bg2 Bg7 4. c3 Nf6 5. Nd2 d5 6. Nh3 Nc6 7. Nf3 Ne4 8. Nf4
e6 9. Nd3 b6 10. h4 Bb7 11. Bf4 Nd6 12. Nfe5 Nxe5 13. Bxe5 O-O 14. Bxg7 Kxg7
15. Qc1 Rc8 16. Qg5 Nf7 17. Qxd8 Rfxd8 18. Nf4 Kf6 19. c4 c6 20. cxd5 cxd5 21.
Kd2 Nd6 22. Rhc1 Nc4+ 23. Kc2 h6 24. Bh1 Ba6 25. b3 g5 26. hxg5+ hxg5 27. Nd3
Na3+ 28. Kd2 Bxd3 29. Kxd3 b5 30. e3 b4 31. Bf3 Nb5 32. Rxc8 Rxc8 33. Rb1 g4
34. Bg2 Na3 35. Rb2 Rc1 36. f3 gxf3 37. Bxf3 Kg5 38. Ke2 Nb5 39. Kd2 Rg1 40.
Kd3 Rxg3 41. Rg2 Rxg2 42. Bxg2 Kg4 43. Bf1 Kf3 44. Be2+ Kf2 45. Bh5 Nd6 46. Bg6
Ke1 47. Bh5 Ne4 48. Bf7 Kd1 49. Bh5+ Kc1 50. Bf7 Ng5 51. Be8 Kb2 52. Ba4 Kxa2
53. Kc2 f4 54. exf4 Nh3 55. f5 exf5 56. Bd7 Ng5 57. Bxf5 a5 58. Bd7 Nf3 59. Kd3
Kxb3 60. Bc6 Ne1+ 61. Kd2 Nc2 62. Bxd5+ Kb2 63. Kd3 a4 64. Bc4 a3 65. d5 b3 66.
d6 a2 0-1

[Event "Noruega ch 2005"]
[Site "Sandnes"]
[Date "2005.07.08"]
[Round "8.6"]
[White "Elsness, Frode"]
[Black "Hole, Oystein"]
[Result "1/2-1/2"]
[WhiteElo "2440"]
[BlackElo "2336"]
[PlyCount "114"]
[EventDate "2005.07.02"]
[EventType "swiss"]
[EventRounds "9"]
[EventCountry "NOR"]
[Source "lmi"]
[SourceDate "2005.07.09"]

1. d4 d5 2. c4 c6 3. Nf3 Nf6 4. Nc3 dxc4 5. a4 Bf5 6. Ne5 Nbd7 7. Nxc4 Qc7 8.
g3 e5 9. dxe5 Nxe5 10. Bf4 Nfd7 11. Bg2 g5 12. Bxe5 Nxe5 13. Qd4 f6 14. O-O-O
Be7 15. Ne3 Be6 16. Qe4 Bb3 17. Rd2 O-O 18. h4 Bc5 19. Ng4 Rae8 20. Qf5 Nxg4
21. Qxc5 Qb6 22. Qxb6 axb6 23. Rf1 Rd8 24. Rxd8 Rxd8 25. hxg5 fxg5 26. Be4 Re8
27. Bf5 Nf6 28. Bc2 Bxc2 29. Kxc2 Ne4 30. e3 Nxc3 31. bxc3 g4 32. Kd3 Ra8 33.
Ra1 Ra5 34. Rb1 Rxa4 35. Rxb6 Ra2 36. Rxb7 Rxf2 37. Rb4 h5 38. Rc4 Rf3 39. Rc5
Rxg3 40. Rxh5 Kf7 41. Rc5 Rg1 42. Ke2 g3 43. Rxc6 g2 44. Kf2 Re1 45. Kxg2 Rxe3
46. Kf2 Rh3 47. Ke2 Ke7 48. Kd2 Kd7 49. Rc4 Kd6 50. Kc2 Rh5 51. Kb3 Rb5+ 52.
Ka4 Rc5 53. Rd4+ Kc6 54. Kb3 Rb5+ 55. Kc2 Rh5 56. Rg4 Rf5 57. Kd3 Rd5+ 1/2-1/2

[Event "Noruega ch 2005"]
[Site "Sandnes"]
[Date "2005.07.08"]
[Round "8.8"]
[White "Barth Sahl, Bjarke"]
[Black "Bjerke, Silje"]
[Result "1/2-1/2"]
[WhiteElo "2394"]
[BlackElo "2137"]
[PlyCount "80"]
[EventDate "2005.07.02"]
[EventType "swiss"]
[EventRounds "9"]
[EventCountry "NOR"]
[Source "lmi"]
[SourceDate "2005.07.09"]

1. e4 c5 2. Nf3 d6 3. d4 Nf6 4. Nc3 cxd4 5. Nxd4 a6 6. Bg5 e6 7. f4 Qb6 8. Be2
Qxb2 9. Na4 Qa3 10. e5 dxe5 11. fxe5 Qxa4 12. exf6 Qa5+ 13. Bd2 Qe5 14. Nf3
Qxf6 15. O-O Bc5+ 16. Kh1 O-O 17. Bd3 h6 18. Ng5 Qe7 19. Nh7 Bd4 20. c3 Be5 21.
Nxf8 Qh4 22. g3 Bxg3 23. Qe2 Kxf8 24. Bg6 f6 25. Rg1 Be5 26. Rg4 Qh3 27. Rag1
Bd7 28. Be4 f5 29. R4g3 Bxg3 30. Rxg3 Qh4 31. Bxb7 Ra7 32. Bg2 Nc6 33. Be3 Rb7
34. Qd1 Kg8 35. Bg1 Qe7 36. Rd3 Be8 37. Rd6 Rb1 38. Qxb1 Qxd6 39. Bb6 a5 40. c4
Qf4 1/2-1/2

[Event "Noruega ch 2005"]
[Site "Sandnes"]
[Date "2005.07.08"]
[Round "8.9"]
[White "Dannevig, Oystein"]
[Black "Leer Salvesen, Bjarte"]
[Result "0-1"]
[WhiteElo "2347"]
[BlackElo "2374"]
[PlyCount "75"]
[EventDate "2005.07.02"]
[EventType "swiss"]
[EventRounds "9"]
[EventCountry "NOR"]
[Source "lmi"]
[SourceDate "2005.07.09"]

1. e4 e6 2. Nf3 d5 3. e5 Bd7 4. a3 c5 5. b4 c4 6. d3 b5 7. Be2 a5 8. bxa5 Qxa5+
9. c3 Nc6 10. O-O Nge7 11. Re1 Ng6 12. Bf1 Be7 13. g3 Qc7 14. d4 O-O 15. h4 f5
16. exf6 Rxf6 17. Bg5 Rf7 18. Bxe7 Ngxe7 19. Ng5 Rf6 20. Bh3 Nf5 21. Bxf5 Rxf5
22. Ra2 b4 23. Nxe6 Bxe6 24. Rxe6 Qd7 25. Re3 Qf7 26. f4 Qg6 27. Kh2 h5 28. Qe1
bxc3 29. Qxc3 Qf6 30. Rae2 Nxd4 31. Re8+ Kh7 32. Rxa8 Nxe2 33. Qd2 Nxf4 34.
gxf4 Rxf4 35. Qc2+ g6 36. Ra7+ Kh6 37. Qd2 Qxh4+ 38. Kg2 0-1

[Event "Noruega ch 2005"]
[Site "Sandnes"]
[Date "2005.07.08"]
[Round "8.10"]
[White "Tallaksen, Geir Sune"]
[Black "Hammer, Jon Ludvig"]
[Result "1-0"]
[WhiteElo "2349"]
[BlackElo "2318"]
[PlyCount "69"]
[EventDate "2005.07.02"]
[EventType "swiss"]
[EventRounds "9"]
[EventCountry "NOR"]
[Source "lmi"]
[SourceDate "2005.07.09"]

1. d4 d5 2. c4 c6 3. Nc3 Nf6 4. Nf3 a6 5. Ne5 Nbd7 6. Bf4 dxc4 7. Nxc4 b5 8.
Ne5 Bb7 9. e3 e6 10. Be2 Bb4 11. O-O Nxe5 12. Bxe5 O-O 13. Bf3 Qe7 14. Ne4 Nxe4
15. Bxe4 f6 16. Bg3 Bd6 17. Rc1 Rac8 18. Bxd6 Qxd6 19. Rc5 g6 20. Qc2 Rc7 21.
Rc1 Rfc8 22. a4 Kg7 23. h4 f5 24. Bf3 h6 25. axb5 axb5 26. Be2 Rf7 27. Bxb5 f4
28. Bxc6 fxe3 29. fxe3 Rxc6 30. Rxc6 Qg3 31. Rxe6 h5 32. Rf1 Rc7 33. Rxg6+ Kh7
34. Rxg3+ Rxc2 35. Rf5 1-0

[Event "Noruega ch 2005"]
[Site "Sandnes"]
[Date "2005.07.08"]
[Round "8.11"]
[White "Jansson, Joran"]
[Black "Ekeberg, Carl Fredrik"]
[Result "1/2-1/2"]
[WhiteElo "2287"]
[BlackElo "2283"]
[PlyCount "63"]
[EventDate "2005.07.02"]
[EventType "swiss"]
[EventRounds "9"]
[EventCountry "NOR"]
[Source "lmi"]
[SourceDate "2005.07.09"]

1. d4 Nf6 2. Nf3 g6 3. Bf4 Bg7 4. h3 d5 5. e3 O-O 6. Bd3 c5 7. c3 Qb6 8. Qc1
Nc6 9. Nbd2 Nd7 10. dxc5 Nxc5 11. Bc2 h6 12. e4 dxe4 13. Nxe4 Nxe4 14. Bxe4 Kh7
15. O-O Re8 16. Re1 Qa5 17. Bxc6 bxc6 18. Ne5 f6 19. Nc4 Qd5 20. b3 Ba6 21. Ne3
Qa5 22. Ng4 h5 23. Nh2 e5 24. Be3 c5 25. Qc2 c4 26. Red1 Qc7 27. Rd2 Bc8 28. g4
hxg4 29. hxg4 f5 30. Nf3 f4 31. Ng5+ Kh6 32. Ne4 1/2-1/2

[Event "Noruega ch 2005"]
[Site "Sandnes"]
[Date "2005.07.09"]
[Round "9.1"]
[White "Carlsen, Magnus"]
[Black "Groenn, Atle"]
[Result "1-0"]
[WhiteElo "2528"]
[BlackElo "2394"]
[PlyCount "47"]
[EventDate "2005.07.02"]
[EventType "swiss"]
[EventRounds "9"]
[EventCountry "NOR"]
[Source "lmi"]
[SourceDate "2005.07.09"]

1. d4 d5 2. Nf3 Nf6 3. c4 c6 4. Nc3 e6 5. Bg5 h6 6. Bh4 Qb6 7. Qc2 Ne4 8. e3
Bb4 9. Bd3 Qa5 10. O-O Nxc3 11. bxc3 Bxc3 12. Rab1 dxc4 13. Bxc4 Bb4 14. Ne5
Bd6 15. f4 Qc7 16. Qe4 b6 17. Nxf7 Qxf7 18. f5 Qh5 19. Bxe6 Nd7 20. f6 Nxf6 21.
Rxf6 Qxh4 22. Qxc6+ Ke7 23. Rf7+ Kxe6 24. Qc4# 1-0

[Event "Noruega ch 2005"]
[Site "Sandnes"]
[Date "2005.07.09"]
[Round "9.2"]
[White "Agdestein, Simen"]
[Black "Gausel, Einar"]
[Result "1-0"]
[WhiteElo "2571"]
[BlackElo "2522"]
[PlyCount "65"]
[EventDate "2005.07.02"]
[EventType "swiss"]
[EventRounds "9"]
[EventCountry "NOR"]
[Source "lmi"]
[SourceDate "2005.07.09"]

1. e4 e5 2. Nf3 Nc6 3. Bb5 Nf6 4. O-O Nxe4 5. d4 Nd6 6. Bxc6 dxc6 7. dxe5 Ne4
8. Qe2 Bf5 9. Rd1 Qc8 10. Nd4 Bc5 11. f3 Qd7 12. c3 O-O-O 13. Qf1 Rhe8 14. fxe4
Bxe4 15. Bf4 g5 16. Bg3 h5 17. b4 Bb6 18. Bf2 Rxe5 19. Nd2 Bd5 20. N2f3 Bxf3
21. Nxf3 Bxf2+ 22. Kh1 Rd5 23. Rxd5 Qxd5 24. Qxf2 b6 25. Nd4 Kb7 26. Qe2 h4 27.
Rf1 h3 28. Rf5 hxg2+ 29. Kg1 Qd7 30. Qxg2 Re8 31. b5 Re1+ 32. Rf1 Qe7 33. Qxc6+
1-0

[Event "Noruega ch 2005"]
[Site "Sandnes"]
[Date "2005.07.09"]
[Round "9.3"]
[White "Fyllingen, Roy Harald"]
[Black "Johannessen, Leif Erlend"]
[Result "0-1"]
[WhiteElo "2395"]
[BlackElo "2543"]
[PlyCount "78"]
[EventDate "2005.07.02"]
[EventType "swiss"]
[EventRounds "9"]
[EventCountry "NOR"]
[Source "lmi"]
[SourceDate "2005.07.09"]

1. d4 Nf6 2. c4 e6 3. Nf3 b6 4. g3 Ba6 5. b3 Bb4+ 6. Bd2 Be7 7. Bc3 c6 8. Bg2
d5 9. Nbd2 Nbd7 10. O-O O-O 11. Rc1 Rc8 12. Rc2 c5 13. Qa1 cxd4 14. Nxd4 Nc5
15. Rd1 Qd7 16. N4f3 Rfd8 17. Ne5 Qe8 18. h3 Bb7 19. Bb2 Nfe4 20. Nxe4 Nxe4 21.
Rdc1 f6 22. Nd3 e5 23. cxd5 Bxd5 24. Rxc8 Rxc8 25. Rxc8 Qxc8 26. Bxe5 fxe5 27.
Qxe5 Qb7 28. Nf4 Bc6 29. Qe6+ Kf8 30. h4 Nd6 31. Bh3 Be8 32. f3 Bf7 33. Qe5 Qc6
34. Kg2 Bf6 35. Ne6+ Kg8 36. Qe3 Qe8 37. f4 Qc6+ 38. Qf3 Qxf3+ 39. Kxf3 Nb5 0-1

[Event "Noruega ch 2005"]
[Site "Sandnes"]
[Date "2005.07.09"]
[Round "9.4"]
[White "Lie, Kjetil A"]
[Black "Tallaksen, Geir Sune"]
[Result "1-0"]
[WhiteElo "2472"]
[BlackElo "2349"]
[PlyCount "83"]
[EventDate "2005.07.02"]
[EventType "swiss"]
[EventRounds "9"]
[EventCountry "NOR"]
[Source "lmi"]
[SourceDate "2005.07.09"]

1. e4 e5 2. Nf3 Nc6 3. Bc4 Nf6 4. d3 Be7 5. O-O O-O 6. Re1 d6 7. c3 Na5 8. Bb5
a6 9. Ba4 b5 10. Bc2 c5 11. Nbd2 Qc7 12. Nf1 Nc6 13. Bg5 Be6 14. Ne3 Rad8 15.
a4 d5 16. axb5 axb5 17. Bxf6 Bxf6 18. exd5 Bxd5 19. Nxd5 Rxd5 20. Qe2 g6 21.
Ra6 Rd6 22. Rea1 Rfd8 23. Nd2 c4 24. Ne4 cxd3 25. Bxd3 Rxd3 26. Nxf6+ Kh8 27.
h3 R3d6 28. Ng4 e4 29. Ra8 h5 30. Ne3 Rd3 31. Nc2 f5 32. Ne1 Qb7 33. Nxd3 Rxa8
34. Rxa8+ Qxa8 35. Nf4 Qa4 36. Nxg6+ Kg7 37. Nf4 h4 38. Qh5 Qa1+ 39. Kh2 Qxb2
40. Qg6+ Kf8 41. Qf6+ Kg8 42. Ne6 1-0

[Event "Noruega ch 2005"]
[Site "Sandnes"]
[Date "2005.07.09"]
[Round "9.5"]
[White "Djurhuus, Rune"]
[Black "Elsness, Frode"]
[Result "1-0"]
[WhiteElo "2461"]
[BlackElo "2440"]
[PlyCount "119"]
[EventDate "2005.07.02"]
[EventType "swiss"]
[EventRounds "9"]
[EventCountry "NOR"]
[Source "lmi"]
[SourceDate "2005.07.09"]

1. e4 e5 2. Nf3 Nc6 3. Bb5 Nf6 4. d3 d6 5. h3 g6 6. c3 Bg7 7. O-O O-O 8. Re1
Re8 9. Bg5 h6 10. Bh4 Bd7 11. Nbd2 a6 12. Ba4 b5 13. Bc2 g5 14. Bg3 Ne7 15. d4
Ng6 16. Nf1 Nf4 17. Ne3 Qc8 18. h4 Bg4 19. Nxg4 Qxg4 20. Nh2 Qxd1 21. Raxd1
N6h5 22. hxg5 hxg5 23. d5 Rec8 24. Nf1 c6 25. dxc6 Rxc6 26. Bb3 Rb8 27. a3 a5
28. Ne3 Bf8 29. Bxf4 Nxf4 30. g3 Ne6 31. Bd5 Ra6 32. b4 axb4 33. axb4 Ra3 34.
Rd3 Rc8 35. Rc1 Kg7 36. Kg2 Kg6 37. Kh3 Rc7 38. Kg4 Rc8 39. Nf5 Kf6 40. Bxe6
fxe6 41. Nxd6 Rb8 42. Rf3+ Kg6 43. Nf7 Bg7 44. Rh1 Rc8 45. Rh5 Rcxc3 46. Rxg5+
Kh7 47. Rh5+ Kg8 48. Rxc3 Rxc3 49. Nxe5 Bf8 50. Ng6 Bxb4 51. Rxb5 Bc5 52. f3
Bf2 53. Rb7 Rc1 54. Kg5 e5 55. g4 Bg3 56. Ne7+ Kf8 57. Nd5 Rf1 58. Nf6 Bh4+ 59.
Kxh4 Rxf3 60. Nd7+ 1-0

[Event "Noruega ch 2005"]
[Site "Sandnes"]
[Date "2005.07.09"]
[Round "9.6"]
[White "Nordahl, Helge"]
[Black "Fossan, Erik"]
[Result "1-0"]
[WhiteElo "2423"]
[BlackElo "2389"]
[PlyCount "95"]
[EventDate "2005.07.02"]
[EventType "swiss"]
[EventRounds "9"]
[EventCountry "NOR"]
[Source "lmi"]
[SourceDate "2005.07.09"]

1. d4 Nf6 2. c4 e6 3. Nf3 c5 4. d5 b5 5. Bg5 Qa5+ 6. Nbd2 bxc4 7. Bxf6 gxf6 8.
e4 Rg8 9. g3 Rg4 10. Bh3 Rg7 11. O-O c3 12. Nc4 Qb4 13. b3 Ba6 14. a3 Qb7 15.
Qc2 f5 16. exf5 exd5 17. Rfe1+ Kd8 18. Qe2 Nc6 19. f6 Kc7 20. fxg7 Bxg7 21.
Rad1 Qxb3 22. Rxd5 Bxc4 23. Rxd7+ Kb6 24. Qe4 Bb5 25. Qf4 c2 26. Qc7+ Ka6 27.
Qb7+ Ka5 28. Qxa8 Qxa3 29. Rxa7+ Nxa7 30. Qxa7+ Kb4 31. Qxa3+ Kxa3 32. Bf5 Kb2
33. Bxc2 Kxc2 34. Re7 Bc4 35. Rc7 Bf8 36. Ng5 Bd6 37. Rc6 Be7 38. Nxf7 Bxf7 39.
Rc7 c4 40. Rxe7 Bg6 41. f4 c3 42. g4 Bd3 43. f5 Kb3 44. Rb7+ Ka3 45. Rc7 Kb3
46. Kf2 c2 47. Ke3 Bc4 48. Kd2 1-0

[Event "Noruega ch 2005"]
[Site "Sandnes"]
[Date "2005.07.09"]
[Round "9.8"]
[White "Hole, Oystein"]
[Black "Leer Salvesen, Bjarte"]
[Result "1-0"]
[WhiteElo "2336"]
[BlackElo "2374"]
[PlyCount "93"]
[EventDate "2005.07.02"]
[EventType "swiss"]
[EventRounds "9"]
[EventCountry "NOR"]
[Source "lmi"]
[SourceDate "2005.07.09"]

1. Nf3 d5 2. d4 c6 3. c4 e6 4. Qc2 Nf6 5. Bg5 h6 6. Bh4 dxc4 7. Qxc4 b5 8. Qc2
Bb7 9. e3 Nbd7 10. Nbd2 Rc8 11. Be2 Be7 12. O-O O-O 13. Rfd1 c5 14. d5 exd5 15.
Bxb5 a6 16. Bd3 Nh5 17. Bxe7 Qxe7 18. Bh7+ Kh8 19. Bf5 Nhf6 20. Qa4 g6 21. Bh3
Rfd8 22. Rac1 Kh7 23. Rc2 Rc7 24. Qa5 Rc6 25. Rdc1 Rdc8 26. Qa3 Qd6 27. Nb3
R6c7 28. Na5 Ba8 29. Rd1 Qe7 30. Nb3 d4 31. Nbxd4 Qe4 32. Nd2 Qd5 33. Rdc1 g5
34. f3 g4 35. fxg4 Ne5 36. N2f3 cxd4 37. Rxc7 Rxc7 38. Rxc7 Nxf3+ 39. gxf3 Qxf3
40. Rxf7+ Kg6 41. Rxf6+ Qxf6 42. Qd3+ Kf7 43. Qc4+ Ke7 44. Qc7+ Kf8 45. Qc8+
Kg7 46. Qxa8 dxe3 47. Qa7+ 1-0

[Event "Noruega ch 2005"]
[Site "Sandnes"]
[Date "2005.07.09"]
[Round "9.9"]
[White "Hammer, Jon Ludvig"]
[Black "Ekeberg, Carl Fredrik"]
[Result "1-0"]
[WhiteElo "2318"]
[BlackElo "2283"]
[PlyCount "53"]
[EventDate "2005.07.02"]
[EventType "swiss"]
[EventRounds "9"]
[EventCountry "NOR"]
[Source "lmi"]
[SourceDate "2005.07.09"]

1. d4 Nf6 2. Nc3 d5 3. Bg5 Nbd7 4. Qd3 e6 5. e4 dxe4 6. Nxe4 Be7 7. Nxf6+ Bxf6
8. Bxf6 Qxf6 9. Nf3 c5 10. O-O-O cxd4 11. Qxd4 Qxd4 12. Rxd4 Ke7 13. Bb5 Nf6
14. Ne5 a6 15. Be2 Bd7 16. Rhd1 Bc6 17. g4 g5 18. h4 h6 19. hxg5 hxg5 20. f4
gxf4 21. Rxf4 Be8 22. Bf3 Ra7 23. Rc4 Nd5 24. Rc8 Rh2 25. Bxd5 exd5 26. Re1 Rh6
27. Nc6+ 1-0

[Event "Noruega ch 2005"]
[Site "Sandnes"]
[Date "2005.07.09"]
[Round "9.10"]
[White "Byklum, Bjornar"]
[Black "Jansson, Joran"]
[Result "1-0"]
[WhiteElo "2283"]
[BlackElo "2287"]
[PlyCount "47"]
[EventDate "2005.07.02"]
[EventType "swiss"]
[EventRounds "9"]
[EventCountry "NOR"]
[Source "lmi"]
[SourceDate "2005.07.09"]

1. e4 c5 2. Nf3 d6 3. d4 cxd4 4. Nxd4 Nf6 5. Nc3 a6 6. Be2 e5 7. Nb3 Be7 8. Bg5
Nbd7 9. a4 O-O 10. O-O Qc7 11. Nd2 h6 12. Bxf6 Nxf6 13. Nc4 Be6 14. Ne3 Rfc8
15. Bd3 Bd8 16. Kh1 Qc5 17. Qf3 Ba5 18. Ne2 d5 19. Ng3 Bd2 20. exd5 Nxd5 21.
Ne4 Bxe3 22. Nxc5 Bxc5 23. Be4 Rd8 24. Rad1 1-0

[Event "Noruega ch 2005"]
[Site "Sandnes"]
[Date "2005.07.09"]
[Round "9.11"]
[White "Bjerke, Silje"]
[Black "Borchgrevink, Harald"]
[Result "1/2-1/2"]
[WhiteElo "2137"]
[BlackElo "2259"]
[PlyCount "117"]
[EventDate "2005.07.02"]
[EventType "swiss"]
[EventRounds "9"]
[EventCountry "NOR"]
[Source "lmi"]
[SourceDate "2005.07.09"]

1. d4 d5 2. c4 e6 3. Nf3 c6 4. Nc3 dxc4 5. a4 Bb4 6. e3 b5 7. Bd2 a5 8. axb5
Bxc3 9. Bxc3 cxb5 10. b3 Bb7 11. bxc4 b4 12. Bb2 Nf6 13. Bd3 Nbd7 14. O-O O-O
15. Re1 Re8 16. c5 Bc6 17. Bc2 Qc7 18. Ba4 e5 19. Bxc6 Qxc6 20. Qa4 Qxa4 21.
Rxa4 exd4 22. Bxd4 Rec8 23. Rea1 Nxc5 24. Bxc5 Rxc5 25. Rxb4 Rac8 26. Rbb1 g6
27. g3 Ne4 28. Nd4 a4 29. Kg2 Rc4 30. Rb7 Ra8 31. Re7 Nc3 32. Ra3 Nd5 33. Rd7
Nb6 34. Rb7 Ra6 35. Nb5 Nd5 36. Rd7 Nf6 37. Rd8+ Kg7 38. Nd6 Rc2 39. h3 h5 40.
e4 Ra5 41. Rb8 Rc6 42. Ne8+ Nxe8 43. Rxe8 Ra7 44. Rb8 Rc4 45. e5 h4 46. gxh4
Rxh4 47. Re8 Re4 48. Kf3 Re1 49. Kg2 Ra5 50. h4 Re4 51. Kg3 Ra7 52. Rd3 g5 53.
h5 Ra5 54. Ra3 Rh4 55. e6 fxe6 56. Rxe6 Rxh5 57. Re4 Rh4 58. Rxh4 gxh4+ 59.
Kxh4 1/2-1/2